000 00491nam a2200181Ia 4500
001 1930
005 20260306143805.0
008 260306t2012||||xx |||||||||||||| ||spa||
041 _aESP
082 _a158.1
_bS21
100 _aSantandreu, Rafael
_eAUT
245 0 _aEl arte de no amargarse la vida:
_blas claves del cambio psicológico y la transformación personal
260 _c2012
300 _a233 páginas :
_c23 cm.
650 _aGEN
654 _aCPS
942 _cLIB
_dJUS
_fJUS
_2ddc
_n
999 _c1930
_d1930